000 00743cab a2200253 4500
001 WB3420-49
008 090401t1998 xxu||||| |||| 00| 0 eng d
035 _a(Sirsi) u86442
041 _aeng
245 _aGroundwater threats
260 _c1998
350 _a0
490 _aFinancial Times
_v23 May 1998, 5(1)
520 _aFour new boreholes are to be opened by Thames Water to try and prevent rising groundwater in basements and foundations in London.
650 _aBASEMENTS
650 _aBOREHOLES
650 _aBUILT ENVIRONMENT-BUILDING ELEMENTS-COMPLETE BUILDING ELEMENTS-FOUNDATIONS
650 _aGROUNDWATER
650 _aLONDON
650 _aTHAMES WATER
690 _aWATER
942 _n0
948 _c28/05/1998
999 _c54408
_d54408